La Iglesia vive de la Eucaristía. Carta encíclica Ecclesia de Eucharistia de Juan Pablo II
Wedi'i Gadw mewn:
| Prif Awdur: | |
|---|---|
| Fformat: | Llyfr |
| Iaith: | Saesneg |
| Cyhoeddwyd: |
Barcelona, España:
Centre de Pastoral Litúrgica,
2003
|
| Cyfres: | Cuadernos Phase 133
|
| Pynciau: | |
| Tagiau: |
Ychwanegu Tag
Dim Tagiau, Byddwch y cyntaf i dagio'r cofnod hwn!
|
MARC
| LEADER | 00000nam a22000007a 4500 | ||
|---|---|---|---|
| 003 | CL-VaPUC | ||
| 005 | 20220718115211.0 | ||
| 008 | 220420b2003 ||||| |||| 00| 0 eng d | ||
| 999 | |c 435462 |d 435460 | ||
| 020 | |a 84-7467-901-X | ||
| 040 | |c Pontificia Universidad Católica de Valparaíso | ||
| 082 | 0 | 4 | |2 22 |a 262.91 JUA 2003 |
| 100 | 1 | |a Juan Pablo II, |9 297404 |c Papa |e autor | |
| 245 | 1 | 3 | |a La Iglesia vive de la Eucaristía. |b Carta encíclica Ecclesia de Eucharistia de Juan Pablo II |
| 260 | |a Barcelona, España: |b Centre de Pastoral Litúrgica, |c 2003 | ||
| 300 | |a 54 páginas | ||
| 490 | 0 | |a Cuadernos Phase 133 | |
| 500 | |a C1. Donación Padre Cristian Eichin. Correo en papel 28/03/2022 | ||
| 583 | |c 20220420 |k Catalogador Asistente | ||
| 650 | 1 | |a Eucaristía |x Encíclicas papales |9 871578 | |
| 650 | 1 | |a Liturgia |x Documentos pontificios |9 871579 | |
| 942 | |2 ddc |c BK | ||
| 952 | |0 0 |1 0 |2 ddc |4 0 |6 262_910000000000000_JUA_2003 |7 0 |8 A |9 582724 |a BIBTEO |b BIBTEO |c GEN |d 2022-04-20 |e Donación |i 5650884 |o 262.91 JUA 2003 |p 5650884 |r 2025-01-17 |t 1 |w 2022-04-20 |y BK |k ICR | ||